Hỏi và đáp một số vấn đề về quốc phòng, an ninh và đối ngoại Dùng cho sinh viên các trường Đại học, Cao đẳng và học viện các hệ đào tạo lý luận chính trị, an ninh quân sự

Salvato in:
Dettagli Bibliografici
Autore principale: Nguyễn, Mạnh Hưởng
Natura: Libro
Lingua:Undetermined
Pubblicazione: H. Lý luận Chính trị 2008
Soggetti:
Accesso online:http://lrc.tdmu.edu.vn/opac/search/detail.asp?aID=2&ID=25519
Tags: Aggiungi Tag
Nessun Tag, puoi essere il primo ad aggiungerne! !
Thư viện lưu trữ: Trung tâm Học liệu Trường Đại học Thủ Dầu Một
LEADER 00913nam a2200205Ia 4500
001 TDMU_25519
008 210410s9999 xx 000 0 und d
082 |a 355.0076 
090 |b NG527 
100 |a Nguyễn, Mạnh Hưởng 
245 0 |a Hỏi và đáp một số vấn đề về quốc phòng, an ninh và đối ngoại 
245 0 |b Dùng cho sinh viên các trường Đại học, Cao đẳng và học viện các hệ đào tạo lý luận chính trị, an ninh quân sự 
245 0 |c Nguyễn Mạnh Hưởng 
260 |a H. 
260 |b Lý luận Chính trị 
260 |c 2008 
300 |a 2008tr. 
650 |a Khoa học chính trị  |v Hỏi và đáp; Tình hình đối ngoại 
856 |u http://lrc.tdmu.edu.vn/opac/search/detail.asp?aID=2&ID=25519 
980 |a Trung tâm Học liệu Trường Đại học Thủ Dầu Một